00355 2200145 4500001002100000005001500021035002000036007000300056008004100059100003300100245001700133260003300150856001700183990000900200INLIS00000000000243820241023095415 a0010-1024000007ta241023 g 0 ind 0 afatiyyah hamasah intan lui B1 aarti sahabat aBandung :bdar! mizan,c2013 akoleksi umum a3723